| 000 | 00836nam a2200229 a 4500 | ||
|---|---|---|---|
| 001 | 13996 | ||
| 003 | BD-JhCC | ||
| 005 | 20240522171629.0 | ||
| 008 | 200328b2017 bg |||| ||a| 001 0 ben d | ||
| 020 | _a9789849238102 | ||
| 035 | _a(BD-JhCC)13996 | ||
| 040 |
_aBD-JhCC _dBD-JhCC |
||
| 041 | _aben | ||
| 082 |
_a954.205 _bDAS 2017 |
||
| 100 | _aদাশ,রোনাল্ড দেবাশীষ | ||
| 245 |
_aমুক্তিযুদ্ধে দিনাজপুরের জর্জবাহিনীর অবদান ও মহানায়ক জর্জ দাশ / _cরোনাল্ড দেবাশীষ দাশ । |
||
| 260 |
_aঢাকা: _bরোদেলা; _c২০১৭. |
||
| 300 |
_a96 p. : _bill; _c22 cm. |
||
| 650 | _aIn the war of liberation | ||
| 942 |
_2ddc _cBK _07 |
||
| 999 |
_c13996 _d13996 |
||